Statistics for Obese Countries Bordering Non-Obese Countries

Click here to take the quiz!

General Stats

  • This quiz has been taken 1,137 times
  • The average score is 17 of 27

Answer Stats

Country% Correct
China
90%
Russia
88%
Egypt
77%
Chad
75%
Libya
75%
Algeria
74%
Sudan
74%
Niger
73%
Mongolia
72%
Iran
71%
Mali
70%
Morocco
68%
Pakistan
67%
North Korea
66%
Afghanistan
65%
Mauritania
64%
Kazakhstan
61%
Saudi Arabia
58%
Turkey
54%
Yemen
53%
Turkmenistan
51%
South Africa
45%
Indonesia
39%
Azerbaijan
37%
Mozambique
36%
Zimbabwe
34%
Papua New Guinea
33%

Score Distribution

Percentile by Number Answered

Percent of People with Each Score

Your Score History

You have not taken this quiz